| 000 | 00825nam a22002297a 4500 | ||
|---|---|---|---|
| 999 |
_c4991 _d4991 |
||
| 003 | AR-CdUCM | ||
| 008 | 190311b ||||| |||| 00| 0 spa d | ||
| 040 |
_aMUNICIPALIDAD PROVINCIAL DEL CUSCO _cBIBLIOTECA MUNICIPAL DEL CUSCO |
||
| 082 |
_a401 / _bC26 |
||
| 100 |
_aCaravedo, Rocío _912899 |
||
| 245 | _aSociolingüística del español de Lima / | ||
| 260 |
_aLima : _bFondo Editorial de la Pontificia Universidad Católica del Perú, _c1990. |
||
| 300 |
_a241 paginas ; _c20 cm. |
||
| 505 | _aLa complejidad sociolinguistica de la ciudad de Lima -- Metodología -- Análisis ... | ||
| 650 |
_aLingüística _91640 |
||
| 650 |
_aLengua española _91124 |
||
| 650 |
_aPerú _935 |
||
| 650 |
_aSociolinguistica _910901 |
||
| 710 |
_aPontificia Universidad Católica del Perú _9400 |
||
| 942 |
_2ddc _cLIBROS |
||
| 945 | _aacv | ||